| 000 | 01577nam a2200397 c 4500 | ||
|---|---|---|---|
| 003 | BLK | ||
| 005 | 20231122005341.0 | ||
| 008 | 180408b bul|||||r ||||||| ||bul|| | ||
| 010 | _aKNG00048971000 | ||
| 040 | _aBLK | ||
| 041 |
_aBUL _cBUL |
||
| 080 |
_aМузиканти-творци, композитори _b78.071.1 _x(45)(092) _z78.071.1(45)(092) |
||
| 080 |
_aИталиански композитор _b929 Верди, Джузепе _x _z929 Верди, Джузепе |
||
| 100 | 1 |
_aГати, Карло _eпърви автор _9280006 |
|
| 700 | 1 |
_aКолев, Светослав _eпрев. от итал. _9367902 |
|
| 139 |
_aГати, Карло _bВ 49 |
||
| 245 | 1 | 0 |
_aВерди _cКарло Гати; прев. от итал. Светослав Колев. |
| 257 | _aITA | ||
| 260 |
_аСофия _bМузика _c1988 |
||
| 300 |
_a648 с. _c21 см |
||
| 380 | _a7 | ||
| 490 | 1 | _aКниги за бележите музиканти | |
| 500 | _aОриг. загл. Verdi / Carlo Gatti | ||
| 650 | 4 |
_aКомпозитори - биографии _9246095 |
|
| 650 | 4 |
_aКомпозитори, италиански _9276875 |
|
| 651 | 4 |
_aИталия _9178965 |
|
| 653 | _aкомпозитори | ||
| 653 | _aбиографии | ||
| 653 | _aИталия | ||
| 852 | _aЦб 155107 | ||
| 856 | 4 |
_qpdf _u |
|
| 856 | 4 |
_qpdf _u |
|
| 942 |
_cKNG _n0 |
||
| 944 |
_aCR _c10.06.2011 _lCRON CRON _k |
||
| 944 |
_aED _c27.11.2017 _l10.06.2011 - от С1,Р / 10.06.2011 _kИрена_Линкова |
||
| 999 |
_c45188 _d45188 |
||